书目信息 |
| 题名: |
数理统计教学参考书
|
|
| 作者: | 周鼎权 主编 | |
| 分册: | ||
| 出版信息: | 北京 中国统计出版社 1986.08 |
|
| 页数: | 216页 | |
| 开本: | 32开 | |
| 丛书名: | ||
| 单 册: | ||
| 中图分类: | O212 | |
| 科图分类: | ||
| 主题词: | 概率论 , 数理统计 | |
| 电子资源: | ||
| ISBN: | 7-5037-0064-5 | |
| 000 | 00580nam0 2200205 45 | |
| 001 | 0006122277 | |
| 005 | 20000612221206.6 | |
| 010 | @a7-5037-0064-5@d1.40元 | |
| 100 | @a20000612d1986 km y0chiy0120 ea | |
| 101 | 0 | @achi |
| 105 | @a z 000yy | |
| 200 | 1 | @a数理统计教学参考书@AShu Li Tong Ji Jiao Xue Can Kao Shu@f周鼎权主编@FZhou Ding Quan Zhu Bian |
| 210 | @a北京@c中国统计出版社@d1986.08 | |
| 215 | @a216页@d32开 | |
| 606 | 0 | @a概率论 |
| 606 | 0 | @a数理统计 |
| 690 | @aO212@v3 | |
| 701 | 0 | @a周鼎权@4主编 |
| 801 | @aCN@bPftUser@c20000612 | |
| 905 | @b204112@dO212@eZH884@f1 | |
| 数理统计教学参考书/周鼎权主编.-北京:中国统计出版社,1986.08 |
| 216页;32开 |
| ISBN 7-5037-0064-5:1.40元 |
| ● |
| 相关链接 |
|
|
|
正题名:数理统计教学参考书
索取号:O212/ZH884
 
预约/预借
| 序号 | 登录号 | 条形码 | 馆藏地/架位号 | 状态 | 备注 |
| 1 | 202397 | 202023979 | 自科二线504/504自科库 24排1列5层/ [索取号:O212/ZH884] | 在馆 | |
| 2 | 202399 | 202023997 | 社科库309/509社科库 56排7列2层/ [索取号:O212/ZH884] | 在馆 | |
| 3 | 204112 | 202041129 | 自科库401/401自科库 77排1列4层/ [索取号:O212/ZH884] | 在馆 |